| 000 | 00719cam a2200217 a 4500 | ||
|---|---|---|---|
| 020 | _a0070297223 (hardcover text) | ||
| 020 | _a0070297231 (SM) | ||
| 020 | _a0078447852(set) | ||
| 020 | _a0078447860 (IBM diskette) | ||
| 082 | 0 | 0 |
_a697 _bHOL _cL-NUST-1, P-83 |
| 100 | 1 |
_aHolman, J. P. _945237 |
|
| 245 | 1 | 0 |
_aHeat transfer / _cJ.P. Holman. |
| 250 | _a8th ed. | ||
| 260 |
_aNew York : _bMcGraw-Hill Companies, _c1997. |
||
| 300 |
_axxviii, 696 p. : _bill. (some col.) ; _c25 cm. + _e1 computer disk (3 1/2 in.) |
||
| 526 |
_a0 _b0 _c0 _d697_000000000000000_HOL |
||
| 650 | 0 |
_aHeat _xTransmission. _91537 |
|
| 650 | 0 |
_aMCE _9379 |
|
| 856 | 4 | 2 | _uhttp://www.loc.gov/catdir/description/mh022/96017897.html |
| 942 |
_2ddc _cBK |
||
| 999 |
_c548809 _d548809 |
||